00514 a2200157 4500010001400000020002300014035001300037037001800050082000800068100001900076245011800095260004400213270004800257300003200305500001900337 aENG-86116 a8120330471c295.00 aEN-69649 bD.B.Act / Pub14a6211 aSawhney, G. S.1 aFundamentals of mechanical engineering :cby G. S. Sawhneybthermodynamics, mechanics and strength of materials / aNew DelhibPrentice Hall of Indiac2006 aM-97, Cannaught Circus,bNew Delhie110 001 aviii, 473 p.c24 cm. (Pbk.) aIncludes index